00391nam a2200121Ia 4500008004100000082002300041100001700064245003300081260002900114300000900143630004600152650007100198211118s9999||||xx |||||||||||||| ||und|| a894.812 342bWAR-M aWarrier, M I 0aMalayalam English Dictionary bDC BooksaKottayamc1999 a1190 xComparative GrammarReference Reading Room aMalayalam LiteratuirevMalayalam GrammarMalayalam FictionGeneralia